000 00406nam a2200145Ia 4500
008 090124s9999 xx 000 0 und d
082 _b401332
245 _a बाल रामायण
250 _a2
260 _bचिटणीस शंकर लक्ष्मण
_c1982
300 _a143
630 _a बाल रामायण
730 _a बाल रामायण
942 _cBOOK
999 _c197716
_d197716